| 000 | 01729nam a22003017a 4500 | ||
|---|---|---|---|
| 005 | 20080807112823.0 | ||
| 008 | 080807t xxu||||| |||| 00| 0 eng d | ||
| 010 | _aB-282447-452 | ||
| 020 |
_a8176559466 _c150.00 |
||
| 035 | _aB-282447-452 | ||
| 040 |
_aDPL _bEN |
||
| 082 | _aS | ||
| 100 | _aMazer, Norma Fox | ||
| 245 |
_aTen ways to make my sister disappear / _cby Norma Fox Mazer |
||
| 260 |
_bScholastic Inc. _c2007(repr.). _aNew York |
||
| 270 |
_a557 Broadway _bNew York |
||
| 270 |
_a550 A, Pace City-II, Sector - 37, (Vender) _bGurgaon _e122004 _k2212432 |
||
| 300 |
_a148p. _c20 cm (pbk) |
||
| 942 |
_cCH _hS _2ddc _mMAZ |
||
| 999 |
_c13526 _d13526 |
||